• 首页
  • 本馆介绍
  • 公告通知
  • 最新文献
  • 馆藏检索
  • 电子资源
  • 读者导购
  • 参考咨询
  • 我的图书馆
  • 登录
  • 详细信息显示
  • 放入我的书架
  • 预约/预借图书
  • 作者相关作品
  • 分类相关作品
  • 丛书相关作品
  • 出版社相关作品

书目信息

  • 表格格式
  • 工作单格式
  • 卡片格式
题名:
家庭史话
    
 
作者: 张国刚 著
分册:  
出版信息: 北京   社会科学文献出版社  2012.03
页数: 180页
开本: 21cm
丛书名: 中国史话
单 册:
中图分类: D669.1
科图分类:
主题词: 家庭--历史--中国 , 家庭
电子资源:
ISBN: 978-7-5097-3034-8
000 00940oam2 2200277 450
001 010010095382
005 20120618151937.59
010    @a978-7-5097-3034-8@dCNY15.00
100    @a20120418d2012 em y0chiy50 ea
101 0  @achi
102    @aCN@b110000
105    @aak z 000yy
106    @ar
200 1  @a家庭史话@9jia ting shi hua@dA brief history of family China@f张国刚著@zeng
210    @a北京@c社会科学文献出版社@d2012.03
215    @a180页@c照片@d21cm
225 2  @a中国史话@i社会风俗系列
330    @a本书论述了自仰韶文化后期母系家庭出现至近代中国传统家庭起源、奠基、发展、转型、衰落的全过程。包括家庭的起源:先秦时期;传统家庭的奠基:秦汉时期等。
462  0 @12001 @a社会风俗系列
510 1  @aBrief history of family China@zeng
606 0  @a家庭@x历史@y中国
606 0  @a家庭
690    @aD669.1@v5
701  0 @a张国刚@9zhang guo gang@4著
801  0 @aCN@bRENTIAN@c20120418
905    @b538419-23@dD669.1@e123@f5
    
    家庭史话=A brief history of family China/张国刚著.-北京:社会科学文献出版社,2012.03
    180页:照片;21cm.-(中国史话.社会风俗系列)
    
    
    ISBN 978-7-5097-3034-8:CNY15.00
    本书论述了自仰韶文化后期母系家庭出现至近代中国传统家庭起源、奠基、发展、转型、衰落的全过程。包括家庭的起源:先秦时期;传统家庭的奠基:秦汉时期等。
●
相关链接 在E读中查询图书 在五车中查询图书 在当当中查询图书 在豆瓣中查询图书


正题名:家庭史话     索取号:D669.1/123         预约/预借

序号 登录号 条形码 馆藏地/架位号 状态 备注
1 538419   205384190   第一样本阅览室/ [索取号:D669.1/123] 在馆    
2 538420   205384207   第一借阅区/ [索取号:D669.1/123] 在馆    
3 538421   205384216   第一借阅区/ [索取号:D669.1/123] 在馆    
4 538422   205384225   第一借阅区/ [索取号:D669.1/123] 在馆    
5 538423   205384234   第一借阅区/ [索取号:D669.1/123] 在馆    
唐山师范学院图书馆 欢迎您!
大连网信软件有限公司© 版权所有